• 首页
  • 本馆介绍
  • 公告通知
  • 最新文献
  • 馆藏检索
  • 电子资源
  • 读者导购
  • 参考咨询
  • 我的图书馆
  • 登录
  • 详细信息显示
  • 放入我的书架
  • 预约/预借图书
  • 作者相关作品
  • 分类相关作品
  • 丛书相关作品
  • 出版社相关作品

书目信息

  • 表格格式
  • 工作单格式
  • 卡片格式
题名:
改善状态的心理调节法
    
 
作者: 康佳 编著
分册:  
出版信息: 北京   中国纺织出版社  2018
页数: 229页
开本: 24cm
丛书名:
单 册:
中图分类: R395.6-49
科图分类:
主题词: 心理调节--Xin Li Tiao Jie--通俗读物
电子资源:
ISBN: 978-7-5180-4582-2
000 01057nam0 2200253 450
001 012001000902
005 20131107083309.0
010    @a978-7-5180-4582-2@dCNY36.80
099    @aCAL 012018045573
100    @a20180328d2018 ekmy0chiy50 ea
101 0  @achi
102    @aCN@b110000
105    @ay a 000yy
106    @ar
200 1  @a改善状态的心理调节法@AGai Shan Zhuang Tai De Xin Li Tiao Jie Fa@f康佳编著
210    @a北京@c中国纺织出版社@d2018
215    @a229页@d24cm
320    @a有书目 (第229页)
330    @a当今社会,压力来自生活、工作、家庭等诸多方面,令我们难以承受,如果我们不能够进行有效的自我调节,不能够平衡个人心理去应对,那么我们的人生就很难得到快乐和幸福。《改善状态的心理调节法》从影响他人心理和自我心理调节两方面入手,教会读者进行人际交往和自我调节的方法,以摆脱对生活无所适从的焦虑感,从容应对各种人际关系,牢牢掌握人生的主动权。
606 0  @a心理调节@AXin Li Tiao Jie@j通俗读物
690    @aR395.6-49@v4
701  0 @a康佳@AKang Jia@4编著
801  0 @aCN@b北京卓展文化@c20191020
905    @b1197128-31@dR395.6-49@e327@f4
    
    改善状态的心理调节法/康佳编著.-北京:中国纺织出版社,2018
    229页;24cm
    
    
    ISBN 978-7-5180-4582-2:CNY36.80
    当今社会,压力来自生活、工作、家庭等诸多方面,令我们难以承受,如果我们不能够进行有效的自我调节,不能够平衡个人心理去应对,那么我们的人生就很难得到快乐和幸福。《改善状态的心理调节法》从影响他人心理和自我心理调节两方面入手,教会读者进行人际交往和自我调节的方法,以摆脱对生活无所适从的焦虑感,从容应对各种人际关系,牢牢掌握人生的主动权。
●
相关链接 在E读中查询图书 在五车中查询图书 在当当中查询图书 在豆瓣中查询图书


正题名:改善状态的心理调节法     索取号:R395.6-49/327         预约/预借

序号 登录号 条形码 馆藏地/架位号 状态 备注
1 1197128   211971286   第二样本阅览室/ [索取号:R395.6-49/327] 在馆    
2 1197129   211971295   第三借阅区/ [索取号:R395.6-49/327] 在馆    
3 1197130   211971302   第三借阅区/ [索取号:R395.6-49/327] 在馆    
4 1197131   211971311   第三借阅区/ [索取号:R395.6-49/327] 在馆    
唐山师范学院图书馆 欢迎您!
大连网信软件有限公司© 版权所有